02218cgm a22004337a 45000010009000000050017000090070024000260070015000500080041000650100019001060240011001250350019001360400024001550820013001792450085001922570019002772600051002962600037003472700028003843000065004123060011004775000073004885000164005615200840007256500003015656500003015686500003015716550019015746550019015936550019016127000031016317000031016627000003016937000027016967000003017237000003017267000003017297100052017321311990620110811142119.0mr ||||f|||||||||------co |ga||||||||030311s2002 xxu161 mleng  aDVD-008181-186 c499.00 aDVD-008181-186 aDLCcDLCdDLCeamim aDVD AVAT00aAvatar : ca Twentieth Century fox/ directed by James Camaronbreturn to pandora aUnited States. aUnited States :bTwentieth Century fox,c2010. aMumbaibExcel Home Videos,c2010 aSantacruz (E), bMumbai aDVD (ca. 169min.) :bsd. (digital, DTS) ;c4 3/4 in.3track. a169min aThe trailer for the feature, Kangaroo Jack, is attached to reel one. aSix unattached trailers: [Daredevil, Agent Cody Banks, The jungle book 2, Johnny English, Lord of the rings: two towers, Daddy day care] received with feature. aHarry Potter is in his second year of Hogwarts School of Witchcraft and Wizardry. He is visited by a house-elf named Dobby and warned not to go back to Hogwarts. Harry ignores his warning, and returns. He is still famous, although still disliked by Snape, Malfoy, and the rest of the Slytherins. But then, strange things start to happen. People are becoming petrified, and no-one knows what is doing it. Harry keeps hearing a voice.. a voice which seems to be coming from within the walls. They are told the story of the Chamber of Secrets. It is said that only Salazar Slytherin's true descendent will be able to open it. Harry, it turns out, is a Parsel-tongue. This means that he is able to speak/understand snakes. Everyone thinks that it's him that has opened the Chamber of Secrets because that is what Slytherin was famous for. 0 0 0 0aFantasy films. 0aFiction films. 0aFeature films.1 aCamron, James,edirection.1 aLandau, Jone,eproduction.1 1 aSimkin, Margeryecast.1 1 1 2 aCopyright Collection (Library of Congress)5DLC